Normal view
MARC view
- Ministry of Finance
Entry Corporate Name
001 - CONTROL NUMBER
- control field: 37879
003 - CONTROL NUMBER IDENTIFIER
- control field: NUST
005 - DATE AND TIME OF LATEST TRANSACTION
- control field: 20210314130429.0
008 - FIXED-LENGTH DATA ELEMENTS
- fixed length control field: 210314|| aca||aabn | a|a d
040 ## - CATALOGING SOURCE
- Original cataloging agency: NUST
- Transcribing agency: NUST
110 ## - HEADING--CORPORATE NAME
- Corporate name or jurisdiction name as entry element: Ministry of Finance
670 ## - SOURCE DATA FOUND
- Source citation: Work cat.: (NUST): Ministry of Finance, Pakistan economic survey 1966-67, Manager of Publication Karachi
